00571nam a2200157Ia 4500008004100000082001900041100001900060245004300079260002400122300000800146630004300154730004300197942000900240999001900249952014500268100122s9999 xx 000 0 und d b23566a923.143 aMILLIGAN SPIKE aADOLF HITLER - MY PART IN HIS DOWNFALL bPENGUIN BOOKSc1975 a144 aADOLF HITLER - MY PART IN HIS DOWNFALL aADOLF HITLER - MY PART IN HIS DOWNFALL cBOOK c367200d367197 00104070aSVPPARLEbSVPPARLEd1976-05-12g13.00l0o23566pSVPPARLE-23566r2010-01-25 00:00:00v13.00w2010-01-25yBOOKz", , General, NA"